Nebe v hubě, aneb, Chrocht, chrocht... : kuchařské zápisky Zdeňka Trošky

Hlavní autor: Troška, Zdeněk, 1953-
Jazyk: Čeština
Vydáno: V Bratislavě : Noxi, 2007
Vydání: Vydání první
Témata:
Fyzický popis: 150 stran : ilustrace (převážně barevné), portréty ; 25 cm
Knihy
Uloženo v:
LEADER 01646nam a2200469 i 4500
001 001555916
003 CZ BrMZK
005 20170209160645.0
007 ta
008 161207s2007 xo ac e f 001 0acze
020 |a 978-80-89179-62-6  |q (vázáno) 
040 |a ABA001  |b cze  |d BOA001  |e rda 
043 |a e-xr--- 
045 |a x-y- 
072 7 |a 641  |x Kuchařství. Potraviny. Vařená jídla  |2 Konspekt  |9 19 
080 |a 791.633-051  |2 MRF 
080 |a 641/642  |2 MRF 
080 |a 641.55  |2 MRF 
080 |a (437.3)  |2 MRF 
080 |a (0:82-94)  |2 MRF 
080 |a (083.12)  |2 MRF 
100 1 |a Troška, Zdeněk,  |d 1953-  |7 jn99240001203  |4 aut 
245 1 0 |a Nebe v hubě, aneb, Chrocht, chrocht... :  |b kuchařské zápisky Zdeňka Trošky 
246 3 0 |a Chrocht, chrocht 
250 |a Vydání první 
264 1 |a V Bratislavě :  |b Noxi,  |c 2007 
300 |a 150 stran :  |b ilustrace (převážně barevné), portréty ;  |c 25 cm 
336 |a text  |b txt  |2 rdacontent 
337 |a bez média  |b n  |2 rdamedia 
338 |a svazek  |b nc  |2 rdacarrier 
500 |a Obsahuje rejstřík 
600 1 7 |a Troška, Zdeněk,  |d 1953-  |7 jn99240001203  |2 czenas 
648 7 |a 20.-21. století  |7 ch462155  |2 czenas 
650 0 7 |a filmoví režiséři  |7 ph120210  |z Česko  |y 20.-21. století  |2 czenas 
650 0 7 |a gastronomie  |7 ph120473  |2 czenas 
650 0 7 |a jídla  |7 ph114847  |2 czenas 
655 7 |a autobiografické vzpomínky  |7 fd131854  |2 czenas 
655 7 |a kuchařské recepty  |7 fd132687  |2 czenas 
910 |a BOA001  |b 2-1381.283 
990 |a BK 
991 |b 201702 
996 7 |b 2610695058  |c 2-1381.283  |l MZK  |r Sklad / do 1 hodiny  |n 1  |p dar  |w 001596350  |u 000010  |a 1  |e BOA001  |j MZK50  |s A